000 00563nam a2200181 i 4500
001 26408
003 ES-MaACL
005 20230906153434.0
007 t|
008 030109s1912 fr ||||1| fre d
100 1 _aAstier, P.
_923676
245 1 2 _aL'esseignement technique industriel et commercial en France et a l'etranger... /
_cP. Astier, I. Cuminal.
250 _a2ª ed. rev. et mise áa jour.
260 _aParis :
_bDunod, etc,
_c1912 (
_fDesfossés)
300 _aXXXVI, 530 p. ;
_c25 cm.
700 1 _aCuminal, I.
_942158
852 _aES-MaACL
_jF-1022
999 _c26408
_d26408